000 00774nam a2200265 i 4500
001 16406
003 DO-SdUEMH
005 20260216140535.0
007 ta
008 211105s2015||||dr a|||gr|||| 0|| | spa d
040 _aDO-SdUEMH
_bspa
_erda
041 _aspa
082 1 4 _aRD378.7293 R426MI 2015
_mRD
084 _b15-00050
110 _aRepública Dominicanana: Ministerio de Educación Superior, Ciencia y Tecnología
245 0 _aMemorias MESCyT Enero-Diciembre, 2014
260 _c2015
264 1 _aSanto Domingo, República Dominicana :
_c2015
300 _a173páginas :
_bilustraciones ;
_c27 cm.
336 _2rdacontent
_atexto
_btxt
337 _2rdamedia
_asin mediación
_bn
338 _2rdacarrier
_avolumen
_bnc
942 _2ddc
_cBK
_n0
999 _c16406
_d16406